000 01181nam0a2200301 4500
001 RU\NLR\bibl\1426506
005 20260405192109.0
010 _a978-5-317-02805-3
021 _aRU
_b2009-66358
_94087
035 _a(NLR Aleph) 001418429
090 _a1327095
_c1327095
100 _a20091017d2009 |||y0rusy50 ca
101 0 _arus
102 _aRU
105 _aa |||||||||
200 1 _aСемь-сорок
_eгероическая трагедия времен Гражданской войны
_eв 2 д.
_fДмитрий Крашенинников
_g[рис.: Никольский Глеб]
210 _aМосква
_cМакс Пресс
_d2009
215 _a81, [1] с.
_cил.
_d21
225 1 _aТеатральный проект Дмитрия Крашенинникова "Черт и его куклы"
686 _aШ6(2=Р)8-612
700 1 _aКрашениннников
_bД.
_gДмитрий
_4070
702 1 _4040
_7ca
_8rus
_aНикольский
_bГ.
_cхудожник
_gГлеб
_966964
_3RU\NLR\auth\7784036
801 0 _aRU
_bNLR
_c20091017
_gRCR
801 1 _aRU
_bNLR
_c20091017
942 _cBOOK
980 _aNB